<?xml version="1.0" encoding="UTF-8"?><?xml-stylesheet type="text/xsl" href="static/style.xsl"?><OAI-PMH xmlns="http://www.openarchives.org/OAI/2.0/" xmlns:xsi="http://www.w3.org/2001/XMLSchema-instance" xsi:schemaLocation="http://www.openarchives.org/OAI/2.0/ http://www.openarchives.org/OAI/2.0/OAI-PMH.xsd"><responseDate>2026-04-30T05:15:43Z</responseDate><request verb="GetRecord" identifier="oai:uvadoc.uva.es:10324/82255" metadataPrefix="marc">https://uvadoc.uva.es/oai/request</request><GetRecord><record><header><identifier>oai:uvadoc.uva.es:10324/82255</identifier><datestamp>2026-01-28T11:21:41Z</datestamp><setSpec>com_10324_1140</setSpec><setSpec>com_10324_931</setSpec><setSpec>com_10324_894</setSpec><setSpec>col_10324_1235</setSpec></header><metadata><record xmlns="http://www.loc.gov/MARC21/slim" xmlns:doc="http://www.lyncode.com/xoai" xmlns:xsi="http://www.w3.org/2001/XMLSchema-instance" xmlns:dcterms="http://purl.org/dc/terms/" xsi:schemaLocation="http://www.loc.gov/MARC21/slim http://www.loc.gov/standards/marcxml/schema/MARC21slim.xsd">
<leader>00925njm 22002777a 4500</leader>
<datafield tag="042" ind1=" " ind2=" ">
<subfield code="a">dc</subfield>
</datafield>
<datafield tag="720" ind1=" " ind2=" ">
<subfield code="a">García Medina, Javier</subfield>
<subfield code="e">author</subfield>
</datafield>
<datafield tag="260" ind1=" " ind2=" ">
<subfield code="c">2025</subfield>
</datafield>
<datafield tag="520" ind1=" " ind2=" ">
<subfield code="a">La situación que padecen mujeres y niños en los campamentos sirios se agrava por el riesgo&#xd;
de sufrir trata de seres humanos. Ha de añadirse la condición de ser nacionales de distintos&#xd;
países lo que pondría en marcha las obligaciones positivas de los Estados para adoptar las&#xd;
medidas necesarias y que mejor favorezcan los derechos de estas personas. Ello implica valorar&#xd;
la existencia o no de un derecho de repatriación o cómo garantizar el derecho a entrar&#xd;
en el Estado del que se es nacional. En cualquier caso, la condición de victima o potencial víctima de trata debería ser una apreciada como suficiente para articular mecanismos garantistas&#xd;
de aplicación extraterritorial de las obligaciones de los Estados.</subfield>
</datafield>
<datafield tag="024" ind2=" " ind1="8">
<subfield code="a">Martínez Pérez, Enrique Jesús (director), Los Derechos Humanos desde una perspectiva iberoamericana. Valencia, 2025, p.21-48</subfield>
</datafield>
<datafield tag="024" ind2=" " ind1="8">
<subfield code="a">979-13-7021-999-4</subfield>
</datafield>
<datafield tag="024" ind2=" " ind1="8">
<subfield code="a">https://uvadoc.uva.es/handle/10324/82255</subfield>
</datafield>
<datafield tag="024" ind2=" " ind1="8">
<subfield code="a">21</subfield>
</datafield>
<datafield tag="024" ind2=" " ind1="8">
<subfield code="a">48</subfield>
</datafield>
<datafield ind1=" " ind2=" " tag="653">
<subfield code="a">Derechos humanos</subfield>
</datafield>
<datafield ind1=" " ind2=" " tag="653">
<subfield code="a">Filosofía del Derecho</subfield>
</datafield>
<datafield tag="245" ind1="0" ind2="0">
<subfield code="a">Trata de seres humanos en campos de refugiados. Una visión desde los pronunciamientos de órganos de expertos.</subfield>
</datafield>
</record></metadata></record></GetRecord></OAI-PMH>